Chile a San Martín. 1817-1863
Saved in:
| Hovedforfatter: | |
|---|---|
| Format: | Bog |
| Sprog: | spansk |
| Udgivet: |
Santiago
Imprenta del Ministerio de Guerra
1917
|
| Udgivelse: | 1a. ed |
| Serier: | De la Tierruca chilena, III
|
| Fag: | |
| Tags: |
Tilføj Tag
Ingen Tags, Vær først til at tagge denne postø!
|
MARC
| LEADER | 00000nam a2200000 a 4500 | ||
|---|---|---|---|
| 001 | UCJ6857 | ||
| 003 | CL-VaPUC | ||
| 008 | 070124e19170000CL |||||||||||||||||spa|d | ||
| 082 | 0 | 4 | |a Ch864 |b BAR |2 21 |
| 100 | 0 | |a Barahona Vega, Clemente |e author |9 506622 | |
| 245 | 1 | 0 | |a Chile a San Martín. 1817-1863 |
| 250 | |a 1a. ed | ||
| 300 | |a 272 p | ||
| 942 | |c BK | ||
| 945 | |d 20070124 00:00:00 |a rinostro | ||
| 260 | |a Santiago |b Imprenta del Ministerio de Guerra |c 1917 | ||
| 600 | 0 | 7 | |a SAN MARTIN, JOSE DE |2 CL-VaPUC |9 514291 |
| 600 | 0 | 7 | |a EJERCITO LIBERTADOR |2 CL-VaPUC |9 512000 |
| 650 | 0 | |a Homenajes |9 258192 | |
| 650 | 0 | |a Poesía chilena |9 268403 | |
| 650 | 7 | |a BIOGRAFIA |2 CL-VaPUC |9 504622 | |
| 650 | 0 | |a Monumentos |9 265246 | |
| 650 | 0 | |a Guerra de la independencia |9 331979 | |
| 651 | 0 | |a Argentina |9 254888 | |
| 651 | 7 | |a CHILE |2 CL-VaPUC |9 514292 | |
| 583 | |a last modification |c 20070124 00:00:00 |k Rodrigo Vera | ||
| 490 | 0 | |a De la Tierruca chilena, III | |
| 999 | |c 322959 |d 322957 | ||
| 952 | |0 0 |1 0 |4 0 |6 CH_864_000000000000000_BAR_1917 |7 0 |8 X |9 402148 |a FDOBUD |b FDOBUD |d 2019-11-22 |i 1053914 |o Ch864 BAR 1917 |p 1053914 |r 2019-11-22 |w 2019-11-22 |y BK_X |k BUD | ||